000
00317nam a22001337a 4500
008
181025b xxu||||| |||| 00| 0 eng d
020
_a
9780323030212
041
_a
eng
080
_2
7 ed
_a
610
100
_a
3
101
_a
SHM
245
_a
Diagnostic And Laboratory Test Reference
_c
Pgana.P
942
_2
udc
_c
BK
999
_c
50918
_d
50918